Dopravná politika Európskej únie - vybrané problémy
Charakteristika dopravnej politiky Európskej únie, jej ciele a problémy. Vplyv na konkurencieschopnosť ekonomiky a obchodnú, ekonomickú a kultúrnu výmenu krajín. Nedostatočný harmonizovaný rozvoj spoločnej dopravnej politiky. Financovanie dopravnej infraštrukrúry EÚ. Disparita medzi naplánovaním a...
Saved in:
| Main Author: | |
|---|---|
| Format: | Book Chapter |
| Language: | Slovak |
| Subjects: | |
| Tags: |
No Tags, Be the first to tag this record!
|
MARC
| LEADER | 00000naa$a2200000$$$4500 | ||
|---|---|---|---|
| 001 | 0051330 | ||
| 005 | 20240502071610.9 | ||
| 041 | 0 | |a slo | |
| 044 | |a SK | ||
| 245 | 1 | 0 | |a Dopravná politika Európskej únie - vybrané problémy |c Tomáš Halán |
| 520 | |a Charakteristika dopravnej politiky Európskej únie, jej ciele a problémy. Vplyv na konkurencieschopnosť ekonomiky a obchodnú, ekonomickú a kultúrnu výmenu krajín. Nedostatočný harmonizovaný rozvoj spoločnej dopravnej politiky. Financovanie dopravnej infraštrukrúry EÚ. Disparita medzi naplánovaním a samotnou realizáciou plánov. | ||
| 610 | 2 | 0 | |a politika dopravná |
| 610 | 2 | 0 | |a Európska únia |
| 610 | 2 | 0 | |a infraštruktúra |
| 610 | 2 | 0 | |a disparita |
| 100 | 1 | |a Halán, Tomáš | |